Statistiques concernant Communes limitrophes de Toulouse avec carte

Cliquez ici pour prendre le quiz!

Statistiques générales

  • Ce quiz a été pris 525 fois
  • Le résultat moyen est 8 sur 17

Réponses sur la Carte

Les réponses sont colorées sur une échelle allant du rouge au vert en fonction du pourcentage des utilisateurs qui les ont devinées à leur premier essai. Vous pouvez retrouver ces pourcentages ci-dessous.
 

Statistiques - réponses

Commune% Correct
Blagnac
91%
Balma
81%
Colomiers
80%
Ramonville
68%
Tournefeuille
68%
L'Union
59%
Labège
58%
Portet-sur-Garonne
56%
Saint-Orens-de-Gameville
52%
Cugnaux
48%
Aucamville
45%
Fenouillet
33%
Launaguet
28%
Vieille-Toulouse
26%
Quint-Fonsegrives
24%
Beauzelle
23%
Pechbusque
10%

Distribution des résultats

Percentile par nombre de réponses

% des personnes avec chaque résultat

Votre développement - résultats

Vous n’avez pas pris ce quiz